000 00797nas a2200253 4500
001 BR9104391
003 BR-BrBNA
005 20231205092202.0
007 ta
008 230509b bl.|||p| |||| 00| 00por d
040 _aBR-BrBNA
_bpor
_cBiblioteca Nacional de Agricultura
041 _a(Pt)
072 _aQ02
100 1 _aCoelho, C.M. de L.
100 1 _aBasso, L.M.
245 1 _aAvaliacao de metodos para determinacao de bases volateis totais em pescado fresco
650 _aPEIXE MARINHO
650 _aPESCADA FOGUETE
650 _aCORVINA
650 _aPROPRIEDADE ORGANOLEPTICA
773 0 _tArquivos Fluminenses de Medicina Veterinaria (Brazil)
_xISSN 0102-7794
_g(Oct-Dec 1988), v. 3(4) p. 94-97
_wBR9104391
909 _a202311
_bLúcia
_c55
_dLúcia Elande
942 _2AGRIS
_n0
_cANA
999 _c129944
_d129944